[Event "ENG-ch Seniors 50"]
[Site "Leamington Spa"]
[Date "2023.05.07"]
[Round "5"]
[White "McMahon, Paul"]
[Black "Betts, Richard"]
[Result "1-0"]
[WhiteElo "1898"]
[BlackElo "1752"]
[PlyCount "111"]
[EventDate "2023.05.04"]
[EventType "swiss"]
[EventRounds "7"]
[EventCountry "ENG"]
[SourceTitle "CBM 214 Extra"]
[Source "ChessBase"]
[SourceDate "2023.07.31"]
[SourceVersion "1"]
[SourceVersionDate "2023.07.31"]
[SourceQuality "1"]

1. e4 e6 2. d4 d5 3. exd5 exd5 4. Nf3 Bd6 5. Bd3 Nc6 6. 0-0 Bg4 7. Re1+ Nge7 8. c3 Qd7 9. h3 Bh5 10. Nbd2 0-0-0 11. b4 Rde8 12. Qc2 Bg6 13. b5 Bxd3 14. Qxd3 Nd8 15. a4 g5 16. Ne5 Bxe5 17. dxe5 g4 18. Ba3 gxh3 19. Qxh3 Qxh3 20. gxh3 Ng6 21. Nf3 Re6 22. Re3 Rhe8 23. Rae1 Rg8 24. Kh2 Nf4 25. Nh4 Rg5 26. Bc1 Rh5 27. Rf3 Ng6 28. Nxg6 hxg6 29. Bf4 g5 30. Bd2 g4 31. Rfe3 gxh3 32. f4 Reh6 33. Rd3 c6 34. Ree3 Ne6 35. Rxh3 Rxh3+ 36. Rxh3 Rxh3+ 37. Kxh3 Nc5 38. bxc6 bxc6 39. a5 a6 40. Be3 Ne6 41. Kg4 Kd7 42. f5 Nd8 43. Bb6 Nb7 44. Kg5 c5 45. Kf6 Ke8 46. e6 fxe6 47. Kxe6 d4 48. cxd4 cxd4 49. Bxd4 Nxa5 50. f6 Nb7 51. f7+ Kf8 52. Bg7+ Kxg7 53. Ke7 Nc5 54. f8Q+ Kg6 55. Qf6+ Kh7 56. Qf5+ 1-0

[Event "GBR-ch U1900 op 105th"]
[Site "Hull"]
[Date "2018.08.02"]
[Round "4"]
[White "Bui, Kyan"]
[Black "Betts, Richard"]
[Result "1/2-1/2"]
[WhiteElo "1705"]
[BlackElo "1774"]
[PlyCount "59"]
[EventDate "2018.07.30"]
[EventType "swiss"]
[EventRounds "5"]
[EventCountry "ENG"]
[SourceTitle "EXT 2021"]
[Source "ChessBase"]
[SourceDate "2020.10.23"]
[SourceVersion "1"]
[SourceVersionDate "2020.10.23"]
[SourceQuality "1"]

1. e4 e6 2. d4 d5 3. Nd2 c5 4. exd5 Qxd5 5. Ngf3 cxd4 6. Bc4 Qd6 7. 0-0 Nf6 8. Nb3 Nc6 9. Nbxd4 Nxd4 10. Qxd4 Qxd4 11. Nxd4 a6 12. a4 Be7 13. Bf4 0-0 14. Nf3 Rd8 15. Bc7 Rd7 16. Bb6 Nd5 17. Bxd5 Rxd5 18. Rfd1 Bf6 19. c4 Rxd1+ 20. Rxd1 Kf8 21. b3 Ke8 22. Nd2 Bd7 23. Ne4 Be7 24. Nd6+ Bxd6 25. Rxd6 Rc8 26. Rd3 Rc6 27. Be3 e5 28. c5 Rg6 29. f3 Bc6 30. Bf2 1/2-1/2

[Event "GBR-ch U1900 op 105th"]
[Site "Hull"]
[Date "2018.08.01"]
[Round "3"]
[White "Betts, Richard"]
[Black "Cawston, M John"]
[Result "1-0"]
[WhiteElo "1774"]
[BlackElo "1871"]
[PlyCount "65"]
[EventDate "2018.07.30"]
[EventType "swiss"]
[EventRounds "5"]
[EventCountry "ENG"]
[SourceTitle "EXT 2021"]
[Source "ChessBase"]
[SourceDate "2020.10.23"]
[SourceVersion "1"]
[SourceVersionDate "2020.10.23"]
[SourceQuality "1"]

1. d4 Nf6 2. Nf3 g6 3. c4 c5 4. d5 b5 5. cxb5 a6 6. b6 Qxb6 7. Nc3 d6 8. Nd2 Nbd7 9. Nc4 Qc7 10. e4 Bg7 11. Bf4 0-0 12. Be2 Nb6 13. Ne3 Bd7 14. h4 h5 15. g4 hxg4 16. Nxg4 Nh5 17. Nh6+ Kh7 18. Bxh5 Bxh6 19. Bxh6 Kxh6 20. Be2 Kg7 21. Qd2 Rh8 22. h5 Rag8 23. 0-0-0 Qc8 24. Qg5 f6 25. Qg3 g5 26. f4 Kh6 27. e5 dxe5 28. fxe5 f5 29. e6 Be8 30. Qe5 Rf8 31. d6 exd6 32. Rxd6 Bc6 33. e7+ 1-0

[Event "London Classic op U2050 9th"]
[Site "London"]
[Date "2017.12.07"]
[Round "4"]
[White "Tuchilus, Iulian"]
[Black "Betts, Richard"]
[Result "1-0"]
[WhiteElo "1837"]
[BlackElo "1785"]
[PlyCount "61"]
[EventDate "2017.12.04"]
[EventType "swiss"]
[EventRounds "5"]
[EventCountry "ENG"]
[SourceTitle "CBM 182 Extra"]
[Source "ChessBase"]
[SourceDate "2018.02.23"]
[SourceVersion "1"]
[SourceVersionDate "2018.02.23"]
[SourceQuality "1"]

1. e4 e6 2. d4 d5 3. e5 c5 4. c3 Nc6 5. Nf3 Nge7 6. Bd3 cxd4 7. cxd4 Nf5 8. Bxf5 exf5 9. Nc3 Be6 10. 0-0 Be7 11. Bd2 g5 12. Qa4 f4 13. Ne1 h5 14. Nd3 f3 15. b4 fxg2 16. Rfe1 Kf8 17. b5 Na5 18. Nxd5 Qxd5 19. Bxa5 Bd7 20. Rab1 a6 21. Bb4 Bxb5 22. Bxe7+ Kxe7 23. Qa3+ Ke8 24. Nb4 Qd7 25. d5 Rh6 26. Qe3 Qf5 27. Rbc1 a5 28. Nc2 Rc8 29. Nd4 Qd7 30. Rxc8+ Qxc8 31. Nxb5 1-0

[Event "North Wales op"]
[Site "Colwyn Bay"]
[Date "2016.07.03"]
[Round "4"]
[White "Betts, Richard"]
[Black "Forster, James Connor Christ"]
[Result "0-1"]
[WhiteElo "1802"]
[BlackElo "1841"]
[PlyCount "82"]
[EventDate "2016.07.01"]
[EventType "swiss"]
[EventRounds "5"]
[EventCountry "WLS"]
[SourceTitle "EXT 2019"]
[Source "ChessBase"]
[SourceDate "2018.10.10"]
[SourceVersion "1"]
[SourceVersionDate "2018.10.10"]
[SourceQuality "1"]

1. d4 d5 2. Nf3 Nf6 3. e3 Bf5 4. Nbd2 e6 5. Ne5 h6 6. Bd3 Nbd7 7. Bxf5 exf5 8. Nd3 Bd6 9. c4 c6 10. c5 Bc7 11. b4 Ne4 12. Nxe4 fxe4 13. Nf4 Qg5 14. h4 Qf6 15. a4 a5 16. Ne2 axb4 17. Bd2 b3 18. Ra3 0-0 19. Qxb3 b6 20. cxb6 Nxb6 21. Qc2 Nc4 22. Ra2 Rfb8 23. Nc3 Ba5 24. 0-0 Nxd2 25. Qxd2 Rb3 26. Rc1 Qd6 27. Rac2 Qa3 28. f3 f5 29. g4 Rf8 30. gxf5 Rxf5 31. fxe4 dxe4 32. Qg2 Rxc3 33. Qxe4 Rxc2 34. Rxc2 Qa1+ 35. Kh2 Bc7+ 36. Kh3 Qf1+ 37. Rg2 Rf3+ 38. Kg4 Qxg2+ 39. Kh5 Qg3 40. Qe6+ Kh7 41. Qe4+ g6+ 0-1

[Event "North Wales op"]
[Site "Colwyn Bay"]
[Date "2016.07.02"]
[Round "2"]
[White "Betts, Richard"]
[Black "Shakespeare, John"]
[Result "1/2-1/2"]
[WhiteElo "1802"]
[BlackElo "1928"]
[PlyCount "104"]
[EventDate "2016.07.01"]
[EventType "swiss"]
[EventRounds "5"]
[EventCountry "WLS"]
[SourceTitle "EXT 2019"]
[Source "ChessBase"]
[SourceDate "2018.10.10"]
[SourceVersion "1"]
[SourceVersionDate "2018.10.10"]
[SourceQuality "1"]

1. d4 e6 2. Nf3 Nf6 3. e3 b6 4. Bd3 Bb7 5. 0-0 Be7 6. Nbd2 d5 7. Re1 Nbd7 8. e4 dxe4 9. Nxe4 Nxe4 10. Bxe4 Bxe4 11. Rxe4 Nf6 12. Re1 0-0 13. Qe2 Qc8 14. Bf4 c5 15. c3 Rd8 16. Rad1 cxd4 17. Nxd4 Nd5 18. Bg3 Bf6 19. Nb5 a6 20. Nd6 Qc6 21. Ne4 Be7 22. Rd3 b5 23. Red1 f5 24. Nd2 f4 25. Rxd5 Rxd5 26. Bxf4 Rf8 27. Be3 Bc5 28. Bxc5 Rxc5 29. Nf3 Rd5 30. Nd4 Qd6 31. Re1 e5 32. Nf3 Re8 33. Qe4 Rd1 34. Kf1 Qd3+ 35. Qxd3 Rxd3 36. Ke2 Rd5 37. Ke3 Kf7 38. Ke4 Rc5 39. Rd1 Rc4+ 40. Ke3 Ke6 41. h3 h6 42. Nd2 Rc5 43. Ne4 Rd5 44. Re1 Red8 45. f3 Rd3+ 46. Ke2 Kf5 47. Kf2 Rd1 48. Re2 a5 49. a3 b4 50. axb4 axb4 51. Ng3+ Kf6 52. Ne4+ Kf5 1/2-1/2